000 00923cam a2200229 a 4500
001 000003422
005 20200929150434.0
008 771221s1973 ve b 001 p spa
040 _aDO-SdBNP
_bspa
_cBNPHU
082 _aV861.42
_bO39p
100 1 _aOjer, Pablo.
_910668
245 1 3 _aEl primer poema de tema venezolano /
_cPablo Ojer y Efraín Subero.
260 _aCaracas :
_bMinisterio de Educación. Dirección General. Departamento de Publicaciones,
_c1973.
300 _a436 p. ;
_c20 cm.
490 1 _aCuadernos de prosa
_vno. 10
650 4 _aPoesía venezolana
_xHistoria y crítica
_98721
650 4 _aLiteratura venezolana
_xCrítica e interpretación
_98988
600 1 4 _aCADENA, PEDRO DE LA.
_910669
700 1 _aSubero, Efrain,
_d1931-
_ecoautor
_98785
700 1 2 _aCadena, Pedro de la.
_tLos actos y hazanas del capitan Diego Hernandez de Serpa. 1973.
_910670
830 0 _aCuadernos de prosa ;
_vno. 10
_910671
999 _c3252
_d3252